Capitali Nordamericani - Map Quiz - Statistics

Statistiche generali
  • Questo quiz è stato fatto 119 volte
  • Il punteggio medio è 14 su 23
Risposte nella Mappa
Le risposte nella mappa del quiz sottostante sono codificate secondo una scala di colori dal rosso al verde in base alla % di persone che hanno risposto correttamente.
 
Statistiche sulle risposte
Risposta % Corretto
Città del Messico
96%
Washington
96%
Ottawa
95%
L'Avana
86%
Panama
80%
Città del Guatemala
75%
San Salvador
75%
Belmopan
66%
San José
64%
Santo Domingo
64%
Kingston
63%
Port-au-Prince
61%
Nassau
59%
Tegucigalpa
59%
Managua
57%
Port of Spain
54%
Roseau
41%
Bridgetown
39%
Castries
38%
Basseterre
36%
Saint George's
36%
Saint John's
29%
Kingstown
21%
Nessun quiz corrispondente trovato
Distribuzione punteggi
Percentuale di utenti per punteggio
Percentile per numero di risposta
I tuoi punteggi nel tempo
Non hai fatto questo quiz